| 000 | 00379pab a2200157 454500 | ||
|---|---|---|---|
| 008 | 180718b2001 xxu||||| |||| 00| 0 eng d | ||
| 100 | _aChander Bhan | ||
| 245 | _aWomen's empowerment for gender equality: a functional analysis | ||
| 260 | _c2001 | ||
| 300 | _ap.33-37 | ||
| 362 | _aAig | ||
| 650 | _aWomen | ||
| 700 | _aSingh, Raj | ||
| 773 | _aKurukshetra | ||
| 909 | _a49370 | ||
| 999 |
_c49370 _d49370 |
||